Soda bottle science : (Record no. 112929)
[ view plain ]
| 000 -LEADER | |
|---|---|
| fixed length control field | 00775nam a2200217 a 4500 |
| 001 - CONTROL NUMBER | |
| control field | 4058 |
| 005 - DATE AND TIME OF LATEST TRANSACTION | |
| control field | 20140414131956.0 |
| 008 - FIXED-LENGTH DATA ELEMENTS--GENERAL INFORMATION | |
| fixed length control field | 081215s19uu xx 00 eng d |
| 020 ## - INTERNATIONAL STANDARD BOOK NUMBER | |
| International Standard Book Number | 978-0-439-75465-1 |
| 050 ## - LIBRARY OF CONGRESS CALL NUMBER | |
| Classification number | TR 372.3 |
| Item number | T59 2006 |
| 100 ## - MAIN ENTRY--PERSONAL NAME | |
| Personal name | Tomecek, Steve |
| 245 ## - TITLE STATEMENT | |
| Title | Soda bottle science : |
| Remainder of title | 25 easy, hands-on activities that teach key concepts in physical, earth, and life sciences--and meet the science standards. Grades4-8 / |
| Statement of responsibility, etc | by Steve Tomecek. |
| 260 ## - PUBLICATION, DISTRIBUTION, ETC. (IMPRINT) | |
| Place of publication, distribution, etc | New York : |
| Name of publisher, distributor, etc | Scholastic, |
| Date of publication, distribution, etc | c2006. |
| 300 ## - PHYSICAL DESCRIPTION | |
| Extent | 64 p. : ill. ; cm. |
| 440 ## - SERIES STATEMENT/ADDED ENTRY--TITLE | |
| Title | Teaching resources |
| 500 ## - GENERAL NOTE | |
| General note | Grades 4-8 |
| 650 ## - SUBJECT ADDED ENTRY--TOPICAL TERM | |
| Topical term or geographic name as entry element | Science |
| General subdivision | Study and teaching (Elementary) |
| -- | Activity programs. |
| 650 ## - SUBJECT ADDED ENTRY--TOPICAL TERM | |
| Topical term or geographic name as entry element | Science |
| General subdivision | Study and teaching (Middle school |
| Withdrawn status | Lost status | Damaged status | Use restrictions | Home library | Current library | Shelving location | Date acquired | Source of acquisition | Cost, normal purchase price | Total Checkouts | Full call number | Barcode | Date last seen | Price effective from | Koha item type |
|---|---|---|---|---|---|---|---|---|---|---|---|---|---|---|---|
| Munich Library | Munich Library | Teachers Reference Section | 12/15/2008 | 225.00 | TR 372.3 T59 2006 | M4350 | 04/14/2014 | 04/14/2014 | Books | ||||||
| Munich Library | Munich Library | Teachers Reference Section | 02/05/2011 | 225.00 | TR 372.3 T59 2006 | M4349 | 04/14/2014 | 04/14/2014 | Books |